00824nam a2200229Ia 4500001000700000003000500007008004100012010001100053040000900064100002800073245019100101260004100292300001000333502007600343650001800419650003600437650002700473650002400500650001400524650002500538700003100563Z_2184CHAP220113s1995 xx 000 0 und d a165240 cCHAP aGirón Pablo, Herminia aEfecto de la condición corporal al parto sobre la producción de leche en vaca Angus, Suizo Pardo y sus cruzas recíprocas /cpor Herminia Girón Pablo y Julián Hernández Cruz aChapingo, Méx. :bEl autor,c1995 a72 h. aTesis (Ing. Agr. Esp. en Zootecnia) -- UACH. Departamento de Zootecnia aGanado Angus  aGanado lecheroxAlimentación  aGanado lecheroxRazas  aGanado Pardo Suizo  aLactancia aLechexProducción  aHernández Cruz, Julián